000
00278nam a22001337a 4500
008
170525b xxu||||| |||| 00| 0 eng d
020
_a
0863801153
041
_a
eng
080
_a
621
100
_a
26
101
_a
IM
245
_a
A.C MACHINES
_c
CHALMERS,B
942
_2
udc
_c
BK
999
_c
14208
_d
14208